Trigonometría
Salvato in:
| Autori principali: | , |
|---|---|
| Natura: | Libro |
| Lingua: | spagnolo |
| Pubblicazione: |
Ciudad de México
McGraw Hill
1995
|
| Edizione: | 2a. ed |
| Serie: | Schaum
|
| Soggetti: | |
| Tags: |
Aggiungi Tag
Nessun Tag, puoi essere il primo ad aggiungerne!!
|
MARC
| LEADER | 00000nam a2200000 a 4500 | ||
|---|---|---|---|
| 001 | UCS4472 | ||
| 003 | CL-VaPUC | ||
| 008 | 970801e19950000MX |||||||||||||||||spa|d | ||
| 082 | 0 | 4 | |a 516.24 |b AYR |2 21 |
| 100 | 0 | |a Ayres, Frank |e author |9 390364 | |
| 700 | 0 | |a Moyer, Robert E |e author |9 390365 | |
| 245 | 1 | 0 | |a Trigonometría |
| 250 | |a 2a. ed | ||
| 300 | |a 248 p | ||
| 942 | |c BK | ||
| 945 | |d 19970801 00:00:00 |a jquezada | ||
| 260 | |a Ciudad de México |b McGraw Hill |c 1995 | ||
| 650 | 0 | |a Trigonometría |9 259568 | |
| 650 | 0 | |a Problemas, ejercicios, etc |9 259377 | |
| 650 | 0 | |a Geometría analítica |9 260062 | |
| 650 | 0 | |a Funciones (Matemáticas) |9 338128 | |
| 650 | 0 | |a Matemática |9 260235 | |
| 583 | |a last modification |c 19970801 00:00:00 |k Rodrigo Vera | ||
| 490 | 0 | |a Schaum | |
| 999 | |c 261504 |d 261502 | ||
| 952 | |0 0 |1 0 |4 0 |6 516_240000000000000_AYR_1995 |7 0 |8 A |9 288971 |a BIBMAT |b BIBMAT |d 2019-11-19 |i 3338541 |o 516.24 AYR 1995 |p 3338541 |r 2025-01-07 |w 2019-11-19 |y BK |k MAT | ||
| 952 | |0 0 |1 0 |4 0 |6 516_240000000000000_AYR_1995 |7 0 |8 A |9 288972 |a BIBMAT |b BIBMAT |d 2019-11-19 |i 3535738 |o 516.24 AYR 1995 |p 3535738 |r 2025-01-07 |w 2019-11-19 |y BK |k MAT | ||